| 000 | 00951 a2200301 4500 | ||
|---|---|---|---|
| 999 |
_c61317 _d10847 |
||
| 001 | 61317 | ||
| 003 | TR-AnTOB | ||
| 005 | 20230515172127.0 | ||
| 008 | 120130s1991 tu 000 0 | ||
| 020 | _a9751003946 | ||
| 040 |
_aTR-AnTOB _cTR-AnTOB |
||
| 041 | _atur | ||
| 050 | 0 |
_aPL193.S7 _bK88 1991 |
|
| 090 | _aREF PL193.S7 K88 1991 | ||
| 100 |
_aKut, İnci _918607 |
||
| 245 | 0 |
_aBüyük İspanyolca Türkçe sözlük = Gran diccionario Espanol - Turco / _cİnci Kut, Güngör Kut. |
|
| 246 | 3 | _aGran diccionario Espanol - Turco | |
| 264 | 1 |
_aİstanbul : _bİnkılap Kitabevi, _c1991. |
|
| 300 |
_a702 p.; _c24 cm. |
||
| 650 | 0 |
_aTurkish language _vDictionaries _xSpanish _933253 |
|
| 650 |
_aSpanish language _vDictionaries _xTurkish _933254 |
||
| 650 |
_aTürk dili _vSözlükler _xİspanyolca _951221 |
||
| 650 |
_aİspanyol dili _vSözlükler _xTürkçe _933252 |
||
| 700 |
_aKut, Güngör _933250 |
||
| 901 | _a0019459 | ||
| 902 | _abs | ||
| 942 |
_cREF _2lcc |
||